000 00989cam a2200313 a 4500
001 320370
003 ARRUPE
005 20131203164325.0
008 850307s1984 enk b 001 0 eng
010 _a 83017253
020 _a0198246501 :
_c$31.95
020 _a019824651X (pbk.) :
_c$14.00
035 _a(OCoLC)9828613
035 _a(OCoLC)ocm09828613
035 _a(CStRLIN)NYCG85-B23957
035 _a(NNC)320370
040 _dCStRLIN
_cDLC
050 0 _aP106
_b.B47 1984
090 _aP106
_b.B47 1984
100 1 _aBlackburn, Simon,
_d1944-
_94796
245 1 0 _aSpreading the word :
_bgroundings in the philosophy of language /
_cby Simon Blackburn.
260 _aOxford [Oxfordshire] :
_bClarendon Press ;
_aNew York :
_bOxford University Press,
_cc1984.
300 _axi, 368 p. ;
_c22 cm.
500 _aIncludes index.
504 _aBibliography: p. [355]-363.
650 0 _aLanguage and languages
_xPhilosophy.
_94797
942 _2lcc
_cMONOGRAPH
999 _c118975
_d118975